Konanie o vypovedaní dohody o spolupráci alebo členstva v združení

Článok sa zaoberá konaním o vypovedaní dohody o spolupráci alebo členstva v združení ako jedným z konaní vo veciach územnej samosprávy, pričom poukazuje aj na právo obcí spolupracovať na základe zmluvy uzavretej na uskutočnenie konkrétnej úlohy alebo činnosti, na základe zmluvy o zriadení združenia...

Descrizione completa

Salvato in:
Dettagli Bibliografici
Autore principale: Ukropec, Anton
Natura: Capitolo di libro
Lingua:slovacco
Soggetti:
Tags: Aggiungi Tag
Nessun Tag, puoi essere il primo ad aggiungerne!!

MARC

LEADER 00000naa a2200000 4500
001 0291561
005 20240417075229.9
041 0 |a slo 
044 |a SK 
245 1 0 |a Konanie o vypovedaní dohody o spolupráci alebo členstva v združení  |c Anton Ukropec 
520 |a Článok sa zaoberá konaním o vypovedaní dohody o spolupráci alebo členstva v združení ako jedným z konaní vo veciach územnej samosprávy, pričom poukazuje aj na právo obcí spolupracovať na základe zmluvy uzavretej na uskutočnenie konkrétnej úlohy alebo činnosti, na základe zmluvy o zriadení združenia obcí alebo zriadením (založením) právnickej osoby podľa osobitného zákona. 
610 2 0 |a združenia 
610 2 0 |a dohody 
610 2 0 |a spolupracovníci 
610 2 0 |a samospráva 
610 2 0 |a obce 
100 1 |a Ukropec, Anton